Fifa 22 Top 100 Bundesliga Players - Statistics

General Stats
  • This quiz has been taken 525 times
  • The average score is 53 of 100
Answer Stats
Rating Club Nation Player % Correct
92 Bayern Munich Poland Robert Lewandowski
99%
88 Borussia Dortmund Norway Erling Haaland
98%
90 Bayern Munich Germany Manuel Neuer
98%
89 Bayern Munich Germany Joshua Kimmich
97%
87 Bayern Munich Germany Thomas Muller
95%
87 Bayern Munich Germany Leon Goretzka
93%
86 Bayern Munich France Kingsley Coman
92%
86 Borussia Dortmund Germany Mats Hummels
91%
85 Borussia Monchengladbach Switzerland Yann Sommer
91%
85 Borussia Dortmund Germany Marco Reus
90%
85 Bayern Munich Germany Serge Gnabry
87%
82 Bayern Munich Canada Alphonso Davies
85%
84 Bayern Munich Germany Leroy Sane
85%
84 RB Leipzig Portugal Andre Silva
78%
85 RB Leipzig Hungary Peter Gulacsi
78%
84 Borussia Dortmund Portugal Raphael Guerreiro
78%
86 VFL Wolfsburg Belgium Koen Casteels
77%
84 Bayern Munich Austria Marcel Sabitzer
77%
84 Eintracht Frankfurt Serbia Filip Kostic
75%
83 Bayern Munich France Lucas Hernandez
75%
82 Bayern Munich Germany Niklas Sule
75%
82 Bayern Munich France Dayot Upamecano
74%
82 Borussia Dortmund Belgium Thorgan Hazard
74%
83 TSG Hoffenheim Croatia Andrej Kramaric
73%
83 Borussia Dortmund Belgium Axel Witsel
73%
79 Bayern Munich France Benjamin Pavard
73%
83 Bayer Leverkusen Finland Lukas Hradecky
72%
79 Borussia Dortmund England Jude Bellingham
69%
84 Borussia Monchengladbach Germany Matthias Ginter
69%
82 RB Leipzig Spain Dani Olmo
67%
81 RB Leipzig France Christopher Nkunku
64%
81 RB Leipzig Sweden Emil Forsberg
64%
83 VFL Wolfsburg Netherlands Wout Weghorst
63%
83 RB Leipzig Spain Angelino
61%
80 Bayern Munich France Corentin Tolisso
61%
80 Borussia Dortmund Switzerland Manuel Akanji
60%
81 Borussia Dortmund Germany Julian Brandt
59%
80 Borussia Dortmund Netherlands Donyell Malen
58%
79 Borussia Dortmund Switzerland Gregor Kobel
58%
82 Eintracht Frankfurt Germany Kevin Trapp
58%
80 Borussia Dortmund Switzerland Roman Burki
58%
81 RB Leipzig Austria Konrad Laimer
57%
79 Borussia Monchengladbach France Marcus Thuram
57%
79 Bayer Leverkusen Czech Republic Patrik Schick
57%
81 RB Leipzig Hungary Willi Orban
57%
81 Bayer Leverkusen France Moussa Diaby
55%
81 Bayer Leverkusen Burkina Faso Edmond Tapsoba
54%
79 Borussia Monchengladbach France Alassane Plea
53%
82 Borussia Dortmund Germany Emre Can
53%
80 Bayer Leverkusen Chile Charles Aranguiz
51%
81 RB Leipzig Slovenia Kevin Kampl
50%
82 Borussia Monchengladbach Germany Lars Stindl
50%
81 Union Berlin Germany Max Kruse
50%
79 SC Freiburg Italy Vincenzo Grifo
50%
78 Hertha BSC Ghana Kevin-Prince Boateng
47%
79 Borussia Monchengladbach Germany Jonas Hofmann
45%
79 Eintracht Frankfurt Japan Daichi Kamada
44%
79 Borussia Monchengladbach Switzerland Nico Elvedi
44%
82 TSG Hoffenheim Germany Oliver Baumann
44%
79 Borussia Monchengladbach Algeria Ramy Bensebaini
44%
81 VFL Wolfsburg Germany Maximilian Arnold
43%
81 RB Leipzig France Nordi Mukiele
43%
82 Borussia Monchengladbach Germany Florian Neuhaus
42%
78 Bayer Leverkusen Germany Florian Wirtz
42%
80 RB Leipzig Germany Lukas Klostermann
42%
80 Eintracht Frankfurt Austria Martin Hinteregger
42%
78 Borussia Dortmund Switzerland Marwin Hitz
42%
80 Borussia Monchengladbach Austria Stefan Lainer
42%
78 VFL Wolfsburg United States John Brooks
39%
78 Bayer Leverkusen Germany Jonathan Tah
39%
78 Borussia Dortmund France Dan-Axel Zagadou
38%
80 VFL Wolfsburg Austria Xaver Schlager
37%
77 Borussia Monchengladbach Switzerland Breel Embolo
35%
79 Borussia Dortmund Germany Mahmoud Dahoud
34%
78 Eintracht Frankfurt Colombia Rafael Santos Borre
34%
80 Borussia Monchengladbach Switzerland Denis Zakaria
33%
78 RB Leipzig Germany Marcel Halstenberg
33%
78 VFB Stuttgart Japan Wataru Endo
33%
79 SC Freiburg Germany Christian Gunter
32%
79 VFL Wolfsburg France Maxence Lacroix
31%
80 VFL Wolfsburg Germany Ridle Baku
31%
78 1.FC Koln Germany Jonas Hector
30%
79 VFL Wolfsburg Switzerland Kevin Mbabu
30%
78 RB Leipzig Mali Amadou Haidara
29%
79 Bayer Leverkusen Germany Kerem Demirbay
29%
78 Bayer Leverkusen Argentina Lucas Alario
28%
79 Bayer Leverkusen Germany Karim Bellarabi
26%
78 TSG Hoffenheim Czech Republic Pavel Kaderabek
26%
77 Eintracht Frankfurt Germany Sebastian Rode
26%
78 TSG Hoffenheim Austria Christoph Baumgartner
25%
79 Borussia Monchengladbach Germany Christoph Kramer
24%
78 Arminia Bielefeld Germany Stefan Ortega
23%
78 Hertha BSC Belgium Dedryck Boyata
21%
79 FC Augsburg Poland Rafal Gikiewicz
19%
78 Bayer Leverkusen Austria Julian Baumgartlinger
18%
78 VFL Wolfsburg Switzerland Renato Steffen
18%
78 TSG Hoffenheim Austria Florian Grillitsch
17%
78 Bayer Leverkusen Russia Andrey Lunev
11%
78 Union Berlin Germany Marvin Friedrich
7%
78 Eintracht Frankfurt Germany Amin Younes
3%
No matching quizzes found
Score Distribution
Percent of People with Each Score
Percentile by Number Answered
Your Score History
You have not taken this quiz